000 00401nam a2200169Ia 4500
001 8856
003 IN-NITTTR
005 20251114233042.0
008 251113s9999||||xx |||||||||||||| ||eng||
040 _beng
040 _cIN-NITTTR
041 _aeng
082 _a510 V991M
100 _aVygodsky, M.
245 0 _aMathematical handbook :
_b higher mathematics. /
_cVygodsky, M.
942 _2ddc
_cBK
999 _c11493
_d11493